アイドルマスター日本横断フェアに起用されたアイドル - Statistics

General Stats
  • This quiz has been taken 7 times
  • The average score is 26 of 47
Answer Stats
都道府県 アイドル % Correct
京都府 小早川紗枝
100%
岩手県 及川雫
83%
秋田県 十時愛梨
83%
山梨県 輿水幸子
83%
和歌山県 高垣楓
83%
沖縄県 我那覇響
83%
北海道 木下ひなた
67%
山形県 辻野あかり
67%
福島県 三峰結華
67%
富山県 大崎甜花
67%
大阪府 横山奈緒
67%
島根県 鷹富士茄子
67%
岡山県 藤原肇
67%
山口県 馬場このみ
67%
香川県 大神環
67%
福岡県 ジュリア
67%
長崎県 月岡恋鐘
67%
栃木県 日野茜
67%
東京都 萩原雪歩
67%
愛知県 徳川まつり
67%
青森県 幽谷霧子
50%
新潟県 片桐早苗
50%
石川県 白石紬
50%
福井県 桐生つかさ
50%
静岡県 菊地真
50%
三重県 緒方智絵里
50%
鳥取県 杜野凛世
50%
広島県 兜大吾
50%
徳島県 久川凪
50%
佐賀県 脇山珠美
50%
熊本県 信玄誠司
50%
大分県 首藤葵
50%
宮崎県 姫川友紀
50%
埼玉県 所恵美
50%
神奈川県 天ヶ瀬冬馬
50%
宮城県 大河タケル
33%
長野県 鷺沢文香
33%
岐阜県 九十九一希
33%
滋賀県 藤居朋
33%
兵庫県 神谷幸広
33%
奈良県 葛之葉雨彦
33%
愛媛県 龍崎薫
33%
鹿児島県 依田芳乃
33%
茨城県 渡辺みのり
33%
千葉県 三浦あずさ
33%
群馬県 猫柳キリオ
17%
高知県 円城寺道流
0%
No matching quizzes found
Score Distribution
Percent of People with Each Score
Percentile by Number Answered
Your Score History
You have not taken this quiz